| 000 | 01966nam0a2200397 4500 | ||
|---|---|---|---|
| 001 | RU\NLR\bibl\1801265 | ||
| 005 | 20260407121754.0 | ||
| 010 |
_a978-5-94375-099-1 _9400 |
||
| 021 |
_aRU _b2011-55171 _93928 |
||
| 035 | _a(nilc)LIBNET\0000192137 | ||
| 035 | _aRSLA\BIBL\0000164135 | ||
| 035 | _a(NLR Aleph) 001791929 | ||
| 090 |
_a1762786 _c1762786 |
||
| 100 | _a20111201d2010 |||y0rusy50 ca | ||
| 101 | 0 |
_arus _deng |
|
| 102 | _aRU | ||
| 105 | _aa ||||||||| | ||
| 200 | 1 |
_aПозднезарубинецкие памятники на территории Украины _e(вторая половина I-II в. н. э.) _fРос. акад. наук, Ин-т археологии _g[сост.: А.М. Обломский, Р.В. Терпиловский] |
|
| 210 |
_aМосква _cИнститут археологии РАН _d2010 |
||
| 215 |
_a329, [1] с. _cил. _d30 |
||
| 225 | 1 |
_aРаннеславянский мир _iАрхеология славян и их соседей _eсерия научных публикаций _fоснована в 1990 г. С.А. Плетневой и И.П. Русановой _fредкол.: И.О. Гавритухин [и др.] _vвып. 12 |
|
| 300 | _aРез. на англ. яз. | ||
| 320 | _aБиблиогр.: с. 152-163 и в подстроч. примеч. | ||
| 606 | 0 |
_aЗарубинецкая культура _91123082 _3RU\NLR\auth\66445303 |
|
| 686 |
_a63.442.7(235) _vLBC/RL _2rubbk |
||
| 686 | _aТ4(2)431.130.1 | ||
| 702 | 1 |
_4220 _7ca _8rus _aОбломский _bА. М. _f1957- _gАндрей Михайлович _9173540 _3RU\NLR\AUTH\770173591 |
|
| 712 | 0 | 2 |
_4570 _aИнститут археологии _cМосква _3RU\NLR\AUTH\889957087 _9410279 |
| 801 | 0 |
_aRU _bРГБИ _c20111201 _grcr |
|
| 801 | 1 |
_aRU _bРГБИ _c20111201 |
|
| 801 | 2 |
_aRU _bРГБИ _c20111219 |
|
| 801 | 2 |
_aRU _bNLR _c20110823 _grcr |
|
| 830 | _aавт. по базе | ||
| 942 | _cBOOK | ||
| 980 | _aNB | ||